Score 0/22 Timer 04:00
0 Plays Today
Hint Word % Correct
Batman villain: 'Why so serious?'JOKER
96%
What you do to a pumpkin to turn it into a jack-o'-lanternCARVE
95.7%
Texas Hold 'Em is a variety of this card gamePOKER
95.1%
HandbagPURSE
94.3%
State with capital AustinTEXAS
93.5%
A line that smoothly and continuously deviates from straightnessCURVE
93.5%
Riddles or pranksJOKES
93.2%
First name of actor Franco or singer BluntJAMES
91.2%
State with capital AugustaMAINE
91%
Profane expression of surprise or angerCURSE
90.2%
Beef, in SpanishCARNE
88.6%
Hint Word % Correct
This Michael played Alfred in 'The Dark Knight'CAINE
86.5%
Domesticates, or changes from a wild or savage stateTAMES
85.2%
Eyre, Addams, & FondaJANES
84.9%
One who barfsPUKER
83.3%
Binds or seals with sticky adhesiveTAPES
81.1%
The surname of comic star Archie's friend JugheadJONES
79.1%
Spanish finger foods designed to encourage conversationTAPAS
75%
To rub through a strainer or process (food) in a blenderPUREE
72.1%
Pluralized first name of actress Reid who played Vickie in 'American Pie'TARAS
71.2%
More homogeneous or uniformPURER
68.6%
A grossly malformed and often nonviable fetusTERAS
64.5%

Today's Daily Dose

Missing Word
'T' Pairs

Word Ladder
Game Pieces

Get the Picture
Baseball Movies

Remove Ads.
Support Sporcle.
Get the best of Sporcle when you Go Orange. This ad-free experience offers more features, more stats, and more fun while also helping to support Sporcle. Thank you for becoming a member.

You're not logged in!

Compare scores with friends on all Sporcle quizzes.
OR
Log In

Show Comments

Extras

Top Quizzes Today


Score Distribution

Your Account Isn't Verified!

In order to create a playlist on Sporcle, you need to verify the email address you used during registration. Go to your Sporcle Settings to finish the process.

Report this User

Report this user for behavior that violates our Community Guidelines.

Details: